Statistics for India... or Pakistan?

Click here to take the quiz!

General Stats

  • This quiz has been taken 390 times
  • The average score is 8 of 10

Answer Stats

QuestionAnswer% Correct
Which is bigger?India
98%
Is a Hindu Majority countryIndia
97%
Borders IranPakistan
97%
Has territorial claims in KashmirBoth
88%
is where the Dalai Lama livesIndia
86%
Has a state called PunjabBoth
77%
Has wild tigersIndia
71%
Has a city called HyderabadBoth
67%
The Indus River flows through...Both
62%
Has more nuclear weaponsPakistan
47%

Score Distribution

Percentile by Number Answered

Percent of People with Each Score

Your Score History

You have not taken this quiz